George Washington Carver in his own words (Record no. 20449)
[ view plain ]
| 000 -LEADER | |
|---|---|
| fixed length control field | 01444nam a2200361Ia 4500 |
| 082 04 - DEWEY DECIMAL CLASSIFICATION NUMBER | |
| Classification number | 630/.92/4 |
| -- | B |
| 100 1# - MAIN ENTRY--AUTHOR NAME | |
| Personal name | Carver, George Washington, |
| 245 10 - TITLE STATEMENT | |
| Title | George Washington Carver in his own words |
| 250 ## - EDITION STATEMENT | |
| Edition statement | 1st paperback printing. |
| 260 ## - PUBLICATION, DISTRIBUTION, ETC. (IMPRINT) | |
| Place of publication | Columbia : |
| Name of publisher | University of Missouri Press, |
| Year of publication | 1991, c1987. |
| 300 ## - PHYSICAL DESCRIPTION | |
| Number of Pages | xv, 208 p. : |
| Other physical details | port. |
| 650 #0 - SUBJECT ADDED ENTRY--TOPICAL TERM | |
| Topical Term | Agriculturists |
| Topical Term | African American agriculturists |
| 700 1# - ADDED ENTRY--PERSONAL NAME | |
| Personal name | Kremer, Gary R. |
| 856 40 - ELECTRONIC LOCATION AND ACCESS | |
| Uniform Resource Identifier | http://site.ebrary.com/lib/rucke/Doc?id=10701227 |
No items available.
